<?xml version="1.0" encoding="UTF-8"?>
<record
    xmlns:xsi="http://www.w3.org/2001/XMLSchema-instance"
    xsi:schemaLocation="http://www.loc.gov/MARC21/slim http://www.loc.gov/standards/marcxml/schema/MARC21slim.xsd"
    xmlns="http://www.loc.gov/MARC21/slim">

  <leader>01023    a2200193   4500</leader>
  <controlfield tag="003">NUST</controlfield>
  <controlfield tag="005">20251112184133.0</controlfield>
  <datafield tag="040" ind1=" " ind2=" ">
    <subfield code="c">Nust</subfield>
  </datafield>
  <datafield tag="082" ind1=" " ind2=" ">
    <subfield code="a">621.382,SAL</subfield>
  </datafield>
  <datafield tag="100" ind1=" " ind2=" ">
    <subfield code="a">Saleem , Zeshan Nc (TCC-13)</subfield>
    <subfield code="9">131870</subfield>
  </datafield>
  <datafield tag="245" ind1=" " ind2=" ">
    <subfield code="a">RF propagation charcterization and model tunnig / calibration using asset /</subfield>
    <subfield code="c">NC Zeshan Saleem &amp; NC Adeel Tariq ,NC Junaid Aslam and NC Ousama Hanif  </subfield>
  </datafield>
  <datafield tag="260" ind1=" " ind2=" ">
    <subfield code="a">Rawalpindi</subfield>
    <subfield code="b">MCS (NUST)</subfield>
    <subfield code="c">2005</subfield>
  </datafield>
  <datafield tag="300" ind1=" " ind2=" ">
    <subfield code="a">104 p.;</subfield>
  </datafield>
  <datafield tag="505" ind1=" " ind2=" ">
    <subfield code="a">Introduction (Page-4), Propagation Models Theory (Page-6), Calibration of Propagation Models (Page-18), Diffraction Algorithms (Page-24), Effective Antenna Height Algorithms (Page-37), Clutter Verification (Page- 46), Carrying out the Drive Tests (Page-60), Model Calibration Using Asset (Page-71), Results and Comparison with OLD Model (Page-83), Utilities and Applications (Page-92),Future Enhancements (Page-103).   </subfield>
  </datafield>
  <datafield tag="650" ind1=" " ind2=" ">
    <subfield code="a">UG Projects</subfield>
    <subfield code="9">98716</subfield>
  </datafield>
  <datafield tag="651" ind1=" " ind2=" ">
    <subfield code="a">TCC-13</subfield>
    <subfield code="9">126050</subfield>
  </datafield>
  <datafield tag="700" ind1=" " ind2=" ">
    <subfield code="a">Supervised by Maj (R) Fazal Ahmed</subfield>
    <subfield code="9">131806</subfield>
  </datafield>
  <datafield tag="942" ind1=" " ind2=" ">
    <subfield code="c">PR</subfield>
    <subfield code="2">ddc</subfield>
  </datafield>
  <datafield tag="999" ind1=" " ind2=" ">
    <subfield code="c">182674</subfield>
    <subfield code="d">182674</subfield>
  </datafield>
  <datafield tag="952" ind1=" " ind2=" ">
    <subfield code="0">0</subfield>
    <subfield code="1">0</subfield>
    <subfield code="2">ddc</subfield>
    <subfield code="4">0</subfield>
    <subfield code="7">0</subfield>
    <subfield code="a">MCS</subfield>
    <subfield code="b">MCS</subfield>
    <subfield code="c">REF</subfield>
    <subfield code="d">2016-12-12</subfield>
    <subfield code="o">621.382,SAL</subfield>
    <subfield code="p">MCSPTC-62</subfield>
    <subfield code="r">2016-12-08</subfield>
    <subfield code="w">2016-12-12</subfield>
    <subfield code="y">PR</subfield>
    <subfield code="z">Almirah No. 94, Shelf No. 2</subfield>
  </datafield>
</record>
